000 00607nam a2200181 i 4500
001 78907
003 ES-MaACL
005 20240118063002.0
007 t|
008 041018s1941 sp ||||1| spa d
100 1 _aHazard, Paul,
_d1878-1944
_962229
245 1 3 _aLa crisis de la conciencia europea (1680-1715) /
_cPaul Hazard ; traducción del francés por Julián Marías.
260 _aMadrid :
_bEdiciones Pegaso,
_c1941 (
_fGalo Sèz)
300 _a394 p. ;
_c24 cm.
700 1 _aMarías, Julián,
_d1914-2005
_976688
852 _aES-MaACL
_jB-9578
_bR.19400
999 _c78907
_d78907